[Event "European Rapid 2016"]
[Site "Tallinn EST"]
[Date "2016.12.15"]
[Round "4.14"]
[White "Lobanov, Sergei"]
[Black "Rakhmanov, Aleksandr"]
[Result "0-1"]
[BlackTitle "GM"]
[WhiteElo "2429"]
[BlackElo "2667"]
[WhiteFideId "24183750"]
[BlackFideId "4173708"]
[EventDate "2016.12.15"]

1. e4 c5 2. Nf3 Nf6 3. Nc3 d5 4. exd5 Nxd5 5. d4 Nxc3 6. bxc3 g6 7. Bc4 Bg7 8.
O-O cxd4 9. cxd4 O-O 10. h3 Nc6 11. c3 Na5 12. Bb3 Qc7 13. Re1 Nxb3 14. Qxb3 b6
15. Ba3 Re8 16. Ng5 e6 17. Ne4 Rd8 18. Rad1 Bb7 19. Rd3 Rac8 20. Ng5 Bd5 21. Qb2
Qc4 22. Rde3 h6 23. Nf3 Qxa2 24. Qxa2 Bxa2 25. Ne5 Rc7 26. Rc1 Kh7 27. Kf1 f6
28. Nf3 Bc4+ 29. Ke1 Bd5 30. g3 g5 31. Nd2 f5 32. Ke2 Rdc8 33. Kd3 Rd7 34. c4
Be4+ 35. Nxe4 Rxd4+ 36. Ke2 fxe4 37. c5 bxc5 38. Rxc5 Rxc5 39. Bxc5 Ra4 40. Rb3
Kg6 41. Rb7 a6 42. Ke3 Rc4 43. Bd6 Bd4+ 44. Kxe4 Bxf2+ 45. Kf3 Bd4 46. Re7 Rc6
47. Rxe6+ Bf6 48. Ke4 a5 49. Kd5 Ra6 50. Re3 a4 51. Ba3 Rb6 52. Kc4 h5 53. Bc5
Rb1 54. g4 hxg4 55. hxg4 Rg1 56. Re4 Rg3 57. Kd5 Rd3+ 58. Ke6 a3 59. Ra4 Bb2 60.
Ke7 Rf3 61. Bd6 Re3+ 62. Kd7 Kf6 63. Ra6 Kf7 64. Ra4 Rd3 65. Kc6 Ke6 66. Re4+
Kf6 67. Ra4 Re3 68. Kd5 Rd3+ 69. Kc6 Rd2 70. Ra8 Bc1 71. Bxa3 Bxa3 72. Rxa3 Rd4
73. Rf3+ Rf4 74. Rg3 Ke5 75. Kc5 Re4 76. Rg1 Kf4 77. Kd5 Re3 78. Kd4 Rg3 79.
Rf1+ Kxg4 80. Ke4 Kh4 81. Rf8 Ra3 82. Rg8 g4 83. Kf4 Rf3+ 84. Ke4 Kh3 85. Rg7
Ra3 0-1

[Event "European Rapid 2016"]
[Site "Tallinn EST"]
[Date "2016.12.15"]
[Round "4.15"]
[White "Sarana, Alexey"]
[Black "Ponkratov, Pavel"]
[Result "1/2-1/2"]
[WhiteTitle "IM"]
[BlackTitle "GM"]
[WhiteElo "2457"]
[BlackElo "2607"]
[WhiteFideId "24133795"]
[BlackFideId "4157800"]
[EventDate "2016.12.15"]

1. d4 Nf6 2. c4 e6 3. Nc3 Bb4 4. e3 b6 5. Bd3 Bb7 6. Nf3 c5 7. O-O O-O 8. Bd2
cxd4 9. exd4 d5 10. cxd5 Nxd5 11. Nxd5 Bxd2 12. Qxd2 Bxd5 13. Ne5 Qh4 14. Qe3 f6
15. Nf3 Qh5 16. Rac1 Re8 17. Bb5 Rd8 18. Rfe1 Bxa2 19. Bc4 Bxc4 20. Rxc4 Qd5 21.
Qxe6+ Qxe6 22. Rxe6 Na6 23. Re7 Rac8 24. b3 b5 25. Rxc8 Rxc8 26. Kf1 Rc7 27.
Re8+ Kf7 28. Rh8 h6 29. d5 Rd7 30. Ra8 Nb4 31. Nd4 a6 32. Nc6 Nxd5 33. Rxa6 Nc3
34. Ra1 Rd2 35. Re1 g5 36. h3 h5 37. Re7+ Kg6 38. Re3 Nd5 39. Ne7+ Nxe7 40. Rxe7
Rd3 41. b4 Rd4 42. Rb7 Rxb4 43. g4 hxg4 44. hxg4 Rxg4 45. Rxb5 Ra4 46. Kg2 Kh5
47. Kg3 Rg4+ 48. Kh3 Rc4 49. Kg3 Kg6 50. Rb6 Rc5 51. Ra6 Kf5 52. Rb6 Ke5 53. Rb4
Kf5 54. Rb6 Rd5 55. Ra6 Ke5 56. Ra4 Rd4 57. Rxd4 Kxd4 58. f4 gxf4+ 59. Kxf4 f5 1/2-1/2

[Event "European Rapid 2016"]
[Site "Tallinn EST"]
[Date "2016.12.15"]
[Round "4.16"]
[White "Piorun, Kacper"]
[Black "Sychev, Klementy"]
[Result "0-1"]
[WhiteTitle "GM"]
[BlackTitle "IM"]
[WhiteElo "2657"]
[BlackElo "2453"]
[WhiteFideId "1130420"]
[BlackFideId "4114060"]
[EventDate "2016.12.15"]

1. c4 e6 2. Nf3 d5 3. b3 Nf6 4. g3 Be7 5. Bg2 O-O 6. O-O b6 7. Bb2 Bb7 8. e3 c5
9. Nc3 Qc8 10. Qe2 Rd8 11. d3 Nc6 12. Rac1 d4 13. exd4 Nxd4 14. Nxd4 Bxg2 15.
Kxg2 cxd4 16. Nb1 Bc5 17. Nd2 Re8 18. a3 a5 19. f4 e5 20. f5 Qc6+ 21. Qf3 Rac8
22. Qxc6 Rxc6 23. Kf3 Nd7 24. Ne4 Bf8 25. Rb1 Rb8 26. b4 axb4 27. axb4 Ra8 28.
Bc1 Rc7 29. g4 Rca7 30. g5 Ra1 31. Bd2 R1a2 32. Rb3 Rc2 33. Rc1 Rxc1 34. Bxc1 f6
35. h4 Be7 36. Rb1 Kf7 37. Bd2 Ra3 38. Ke2 Ra2 39. Kf3 Ra3 40. Ke2 Ra2 41. gxf6
Nxf6 42. Ng5+ Ke8 43. Ne6 e4 44. Nxd4 Bd6 45. Ne6 exd3+ 46. Kxd3 Ra3+ 47. Kc2
Ne4 48. Be1 Be5 49. c5 bxc5 50. bxc5 Kd7 51. Rb7+ Kc6 52. Rb6+ Kd5 53. c6 Ra2+
54. Kb3 Rb2+ 55. Ka4 Rxb6 56. c7 Rc6 57. Ba5 Nc5+ 58. Kb5 Nxe6 59. fxe6 Rc5+ 60.
Kb4 Bd6 61. Kb3 Kxe6 0-1

[Event "European Rapid 2016"]
[Site "Tallinn EST"]
[Date "2016.12.15"]
[Round "4.17"]
[White "Zvjaginsev, Vadim"]
[Black "Zakhartsov, Vladimir"]
[Result "0-1"]
[WhiteTitle "GM"]
[BlackTitle "IM"]
[WhiteElo "2679"]
[BlackElo "2453"]
[WhiteFideId "4113403"]
[BlackFideId "4145097"]
[EventDate "2016.12.15"]

1. e4 c5 2. Nf3 d6 3. Bb5+ Nd7 4. O-O Nf6 5. Re1 a6 6. Bxd7+ Bxd7 7. e5 dxe5 8.
Nxe5 Rc8 9. a4 e6 10. d3 Be7 11. a5 O-O 12. Nd2 Nd5 13. Nxd7 Qxd7 14. Nc4 Bf6
15. Bd2 Qc7 16. Qf3 Qc6 17. h3 Nb4 18. Qxc6 Rxc6 19. Bxb4 cxb4 20. Ra4 Be7 21.
Kf1 Rd8 22. Re3 Rd5 23. Ke2 f6 24. Ra1 Kf7 25. f4 h5 26. g3 Bd8 27. Re4 Bc7 28.
Ra4 Rb5 29. h4 Rcc5 30. Kf3 b3 31. c3 Rd5 32. d4 Bxa5 33. Na3 Bxc3 34. bxc3 Ra5
35. Rxa5 Rxa5 36. Nc4 Ra1 37. f5 exf5 38. Re2 Rc1 39. Nd6+ Kg6 40. Nxb7 Rxc3+
41. Kf4 Rd3 42. Rb2 Rxd4+ 43. Kf3 Rb4 44. Na5 Rb5 45. Nxb3 a5 46. Rb1 a4 47. Nd2
Rxb1 48. Nxb1 Kf7 49. Kf4 Ke6 50. Na3 g6 51. Nc4 Ke7 52. Kf3 g5 53. Ke3 Ke6 54.
Kf3 Kf7 55. Kf2 Ke8 56. Ke3 Ke7 57. Ke2 Kd8 58. Kd3 Kc7 59. hxg5 fxg5 60. Ne3 h4
61. gxh4 gxh4 62. Nxf5 h3 63. Kc4 h2 64. Ng3 Kd6 65. Kb4 Ke5 66. Kxa4 Kf4 67.
Nh1 Ke5 0-1

[Event "European Rapid 2016"]
[Site "Tallinn EST"]
[Date "2016.12.15"]
[Round "4.18"]
[White "Krupenski, Juri"]
[Black "Andriasian, Zaven"]
[Result "0-1"]
[WhiteTitle "IM"]
[BlackTitle "GM"]
[WhiteElo "2432"]
[BlackElo "2621"]
[WhiteFideId "4501101"]
[BlackFideId "13302000"]
[EventDate "2016.12.15"]

1. d4 Nf6 2. c4 c5 3. d5 g6 4. Nc3 Bg7 5. e4 O-O 6. Nf3 d6 7. Be2 e5 8. O-O h6
9. Ne1 Nh7 10. Nd3 Nd7 11. f4 exf4 12. Bxf4 Qe7 13. Qd2 h5 14. Nb5 Ne5 15. Nxe5
Bxe5 16. Bxe5 Qxe5 17. Qf4 Qxf4 18. Rxf4 Rd8 19. Raf1 Rd7 20. a3 a6 21. Nc3 Re7
22. b4 b6 23. Rb1 Rb7 24. Bd1 cxb4 25. Rxb4 Rc7 26. Rxb6 Rxc4 27. Rc6 Rd4 28.
Rxd6 Kg7 29. Rc6 Bb7 30. Rc7 Bxd5 31. Rd7 Nf6 32. Rd6 Rc8 33. Rfxf6 Rxc3 34. Rf1
Rxd1 35. Rxd1 Bxe4 36. R1d4 f5 37. Rxa6 Rc1+ 38. Kf2 Rc2+ 39. Ke3 Rxg2 40. Rd2
f4+ 41. Kxe4 Rxd2 42. h4 Rh2 43. Ra7+ Kh6 44. Kxf4 Rxh4+ 45. Kg3 Rc4 46. Ra5
Rc3+ 47. Kg2 h4 48. a4 Ra3 49. Ra8 Kh5 50. a5 Kg4 51. a6 h3+ 0-1

[Event "European Rapid 2016"]
[Site "Tallinn EST"]
[Date "2016.12.15"]
[Round "4.19"]
[White "Anton Guijarro, David"]
[Black "Finkel, Alexander"]
[Result "1-0"]
[WhiteTitle "GM"]
[BlackTitle "GM"]
[WhiteElo "2650"]
[BlackElo "2511"]
[WhiteFideId "2285525"]
[BlackFideId "2801957"]
[EventDate "2016.12.15"]

1. d4 d6 2. Nf3 Bg4 3. e4 g6 4. Nc3 Bg7 5. Be3 Nf6 6. h3 Bxf3 7. Qxf3 Nc6 8. g4
h5 9. g5 Nd7 10. O-O-O O-O 11. h4 e5 12. dxe5 Ndxe5 13. Qg3 Rb8 14. Nd5 b5 15.
Kb1 a5 16. f4 Nc4 17. Bc1 Nb4 18. Nf6+ Bxf6 19. gxf6 Qxf6 20. Rg1 Kh7 21. c3 Na6
22. e5 dxe5 23. fxe5 Qxe5 24. Bf4 Qf6 25. Rd5 Rfd8 26. Bg5 Qe6 27. Rxd8 Rxd8 28.
Bxd8 Nd2+ 29. Ka1 Nc5 30. Bd3 a4 31. Bg5 Nde4 32. Bxe4 Nxe4 33. Qe3 Qf5 34. Bf4
a3 35. bxa3 Nf6 36. Qe5 1-0

[Event "European Rapid 2016"]
[Site "Tallinn EST"]
[Date "2016.12.15"]
[Round "4.20"]
[White "Maisuradze, Nino"]
[Black "Pavlidis, Antonios"]
[Result "1/2-1/2"]
[WhiteTitle "WGM"]
[BlackTitle "GM"]
[WhiteElo "2231"]
[BlackElo "2532"]
[WhiteFideId "13601717"]
[BlackFideId "4212312"]
[EventDate "2016.12.15"]

1. d4 Nf6 2. c4 g6 3. Nc3 Bg7 4. e4 d6 5. f4 O-O 6. Nf3 c5 7. d5 e6 8. Be2 exd5
9. cxd5 Re8 10. e5 dxe5 11. fxe5 Ng4 12. Bg5 f6 13. exf6 Bxf6 14. Qd2 Bxg5 15.
Qxg5 Qxg5 16. Nxg5 Ne3 17. Kf2 Ng4+ 18. Kg3 Ne3 19. h3 Bf5 20. Bf3 Nd7 21. Rae1
Nc4 22. Nb5 a6 23. Nc7 Rxe1 24. Rxe1 Rc8 25. d6 Nxd6 26. Bd5+ Kg7 27. Nce6+ Kh8
28. Bxb7 Nxb7 29. Nf7+ Kg8 30. Nh6+ Kh8 31. Nf7+ Kg8 32. Nh6+ 1/2-1/2

[Event "European Rapid 2016"]
[Site "Tallinn EST"]
[Date "2016.12.15"]
[Round "4.21"]
[White "Kobalia, Mikhail"]
[Black "Shkapenko, Pavel"]
[Result "1-0"]
[WhiteTitle "GM"]
[BlackTitle "IM"]
[WhiteElo "2628"]
[BlackElo "2425"]
[WhiteFideId "4119150"]
[BlackFideId "4151933"]
[EventDate "2016.12.15"]

1. e4 e5 2. Nf3 Nc6 3. Bb5 Bc5 4. c3 Bb6 5. d3 Nge7 6. Nbd2 O-O 7. O-O d6 8. Nc4
f5 9. a4 a6 10. Nxb6 cxb6 11. Bc4+ Kh8 12. Ng5 Qe8 13. f4 h6 14. Nf3 exf4 15.
exf5 Bxf5 16. Bxf4 d5 17. Bb3 Bg4 18. Qd2 Qh5 19. Nd4 Nxd4 20. cxd4 Nc6 21. Be3
Be6 22. Rae1 Bg8 23. Qc3 Rae8 24. Rxf8 Rxf8 25. Bd1 Qg6 26. Bf2 Bh7 27. Re3 Re8
28. Bf3 Rxe3 29. Bxe3 Qxd3 30. Qxd3 Bxd3 31. Bxd5 b5 32. axb5 Bxb5 33. Be4 Kg8
34. d5 Ne5 35. Bd4 Bd3 36. Bxd3 Nxd3 37. d6 Kf7 38. Bxg7 h5 39. Kf1 Ke6 40. Ke2
Nf4+ 41. Kf3 Ng6 42. g4 h4 43. Ke4 h3 44. g5 b5 45. d7 Kxd7 46. Kf5 Nh4+ 47. Kg4
Ng6 48. Kxh3 Ke6 49. Kg4 a5 50. h4 Kf7 51. Bd4 Ne7 52. h5 a4 53. Bc3 Nd5 54. g6+
Kf8 55. Bd4 1-0

[Event "European Rapid 2016"]
[Site "Tallinn EST"]
[Date "2016.12.15"]
[Round "4.22"]
[White "Timerkhanov, Alexander"]
[Black "Grigoriants, Sergey"]
[Result "0-1"]
[WhiteTitle "FM"]
[BlackTitle "GM"]
[WhiteElo "2360"]
[BlackElo "2563"]
[WhiteFideId "24177938"]
[BlackFideId "4130804"]
[EventDate "2016.12.15"]

1. d4 Nf6 2. Bg5 d5 3. Bxf6 exf6 4. e3 Bd6 5. g3 Nd7 6. Bg2 c6 7. Ne2 f5 8. Nd2
Nf6 9. c4 Be6 10. Rc1 dxc4 11. O-O h5 12. h4 O-O 13. Nxc4 Bc7 14. b4 Bd5 15. a4
Re8 16. Qc2 Bxg2 17. Kxg2 Qd5+ 18. Kg1 Ng4 19. b5 cxb5 20. axb5 Rac8 21. Qb2 Qf3
22. Ne5 Bxe5 23. Rxc8 Rxc8 24. dxe5 Qe4 25. e6 fxe6 26. Nd4 Qd5 27. Rc1 Rc4 28.
Rxc4 Qxc4 29. Qa3 e5 30. b6 axb6 31. Qa8+ Kh7 32. Nf3 Qc1+ 33. Kg2 Qc6 34. Qf8
Nh6 35. Qe7 Qd5 36. Qe8 Nf7 37. e4 fxe4 38. Ng5+ Kg6 39. Kg1 e3 40. fxe3 Kf6 41.
Nh7+ Kf5 42. e4+ Kxe4 43. Qxf7 Qxf7 44. Ng5+ Kd5 45. Nxf7 b5 46. Kf2 b4 47. Ng5
b3 48. Nf3 b2 49. Nd2 Kd4 50. Ke2 e4 51. Nb1 e3 52. Na3 g6 53. Ke1 Kd3 54. Kd1
b5 55. Ke1 b4 0-1

[Event "European Rapid 2016"]
[Site "Tallinn EST"]
[Date "2016.12.15"]
[Round "4.23"]
[White "Novikov, Stanislav"]
[Black "Reprintsev, Alexander"]
[Result "1-0"]
[WhiteTitle "GM"]
[BlackTitle "IM"]
[WhiteElo "2513"]
[BlackElo "2321"]
[WhiteFideId "4125371"]
[BlackFideId "14100541"]
[EventDate "2016.12.15"]

1. c4 e5 2. Nc3 Nc6 3. g3 d6 4. Bg2 Be6 5. d3 Qd7 6. Rb1 g6 7. b4 Bg7 8. b5 Nd8
9. a4 Ne7 10. a5 a6 11. b6 c6 12. e3 O-O 13. Ne4 h6 14. c5 d5 15. Nd6 Nc8 16.
Nxc8 Rxc8 17. h3 f5 18. Ne2 Nf7 19. d4 Qe7 20. f4 exf4 21. gxf4 Qh4+ 22. Kd2 g5
23. Qf1 Rce8 24. Kd3 Qh5 25. Bd2 Nd8 26. Qf2 Bf7 27. Rbg1 Qg6 28. Kc3 Ne6 29.
Kb4 Qf6 30. Bc3 Qe7 31. Bf3 Nxc5 32. dxc5 Qxe3 33. Qxe3 Rxe3 34. Bxg7 Kxg7 35.
Nd4 Kf6 36. Re1 gxf4 37. Rxe3 fxe3 38. Kc3 f4 39. Rg1 Bg6 40. Rg4 Re8 41. Rxf4+
Ke5 42. Rh4 h5 43. Bxh5 Bxh5 44. Rxh5+ Kf4 45. Kd3 Re4 46. Rf5+ Kg3 47. Rf3+ 1-0

[Event "European Rapid 2016"]
[Site "Tallinn EST"]
[Date "2016.12.15"]
[Round "4.24"]
[White "Munoz, Miguel"]
[Black "Pultinevicius, Paulius"]
[Result "1/2-1/2"]
[WhiteTitle "GM"]
[WhiteElo "2473"]
[BlackElo "2417"]
[WhiteFideId "3800229"]
[BlackFideId "12809390"]
[EventDate "2016.12.15"]

1. e4 c5 2. g3 g6 3. Bg2 Bg7 4. Ne2 Nc6 5. c3 e6 6. d4 cxd4 7. cxd4 d5 8. e5
Nge7 9. Be3 Nf5 10. Qd2 Nxe3 11. fxe3 h5 12. h3 b6 13. O-O O-O 14. Nbc3 Bh6 15.
Nf4 Ba6 16. Rf2 Rc8 17. Rd1 Na5 18. e4 h4 19. g4 Nc4 20. Qe2 Bxf4 21. Rxf4 Qg5
22. Rdf1 Nxb2 23. Qxa6 Rxc3 24. Qxa7 Rc1 25. Rxf7 Rxf1+ 26. Rxf1 Qe3+ 27. Kh1
Rxf1+ 28. Bxf1 Qxe4+ 29. Bg2 Qe1+ 30. Kh2 Qg3+ 31. Kg1 Nc4 32. Qe7 Qe3+ 33. Kh1
Qc1+ 34. Kh2 Qf4+ 35. Kh1 Qc1+ 36. Kh2 Qf4+ 37. Kh1 Qc1+ 38. Kh2 Qf4+ 39. Kh1
Qc1+ 40. Kh2 Qf4+ 41. Kh1 Qc1+ 1/2-1/2

[Event "European Rapid 2016"]
[Site "Tallinn EST"]
[Date "2016.12.15"]
[Round "4.26"]
[White "Movsesian, Sergei"]
[Black "Malakhov, Igor"]
[Result "1/2-1/2"]
[WhiteTitle "GM"]
[BlackTitle "IM"]
[WhiteElo "2673"]
[BlackElo "2454"]
[WhiteFideId "310204"]
[BlackFideId "4183088"]
[EventDate "2016.12.15"]

1. Nf3 c5 2. g3 Nf6 3. Bg2 g6 4. O-O Bg7 5. d3 d5 6. Nbd2 O-O 7. e4 Nc6 8. c3 e6
9. Re1 a5 10. a4 b6 11. exd5 exd5 12. Nf1 h6 13. Bf4 Be6 14. Ne5 Nxe5 15. Bxe5
Qd7 16. d4 c4 17. Ne3 Rfe8 18. Bxf6 Bxf6 19. Qf3 Kg7 20. Nxd5 Bxd5 21. Qxd5 Qxd5
22. Bxd5 Rxe1+ 23. Rxe1 Rc8 24. Bb7 Rc7 25. Ba6 g5 26. Bb5 g4 27. d5 Re7 28. Kf1
Rxe1+ 29. Kxe1 Be7 30. Bxc4 Kf6 31. Ke2 Bd6 32. Bb5 Ke5 33. Be8 f5 34. c4 Ke4
35. b3 Bc5 36. Bh5 Ke5 37. f3 gxf3+ 38. Kxf3 Be7 39. Be8 Bb4 40. Bd7 Ba3 41. Kg2
Bb4 42. Kh3 Be7 43. Bc8 Kf6 44. Be6 Ke5 45. Kg2 Bb4 46. Kf3 Ba3 47. Bc8 Bb4 48.
Ke3 Bc5+ 49. Kd3 Bg1 50. h3 Bf2 51. Be6 Kd6 52. g4 1/2-1/2

[Event "European Rapid 2016"]
[Site "Tallinn EST"]
[Date "2016.12.15"]
[Round "4.27"]
[White "Kovalenko, Igor"]
[Black "Gorodetzky, David"]
[Result "1-0"]
[WhiteTitle "GM"]
[BlackTitle "FM"]
[WhiteElo "2684"]
[BlackElo "2350"]
[WhiteFideId "14117908"]
[BlackFideId "2813416"]
[EventDate "2016.12.15"]

1. c4 Nf6 2. Nf3 e6 3. d4 b6 4. e3 Bb7 5. Bd3 d5 6. cxd5 exd5 7. O-O Bd6 8. b3
O-O 9. Ba3 Bxa3 10. Nxa3 Qe7 11. Nb5 a6 12. Nc3 Nbd7 13. Rc1 c5 14. Qe2 Rfe8 15.
Rfd1 g6 16. h3 Rec8 17. Nb1 Ne4 18. Qb2 Rc6 19. Nbd2 Re8 20. Nf1 Rf6 21. Rc2 c4
22. Bxe4 dxe4 23. N3d2 cxb3 24. Qxb3 Rf5 25. Rc7 Bd5 26. Qa4 Rd8 27. Ng3 Rg5 28.
Rdc1 a5 29. R1c3 Qe6 30. Rc8 Rxc8 31. Rxc8+ Kg7 32. Rd8 Bc6 33. Qc2 Nf6 34. Rb8
Bd5 35. Qc7 Qd7 36. Qxb6 h5 37. Rd8 Qe7 38. a4 h4 39. Ne2 Nh5 40. Qd6 Qxd6 41.
Rxd6 Nf6 42. Nc3 Bb7 43. Rxf6 1-0

[Event "European Rapid 2016"]
[Site "Tallinn EST"]
[Date "2016.12.15"]
[Round "4.28"]
[White "Narmontas, Matas"]
[Black "Najer, Evgeniy"]
[Result "1-0"]
[WhiteTitle "IM"]
[BlackTitle "GM"]
[WhiteElo "2411"]
[BlackElo "2679"]
[WhiteFideId "12802204"]
[BlackFideId "4118987"]
[EventDate "2016.12.15"]

1. e4 c5 2. Nf3 d6 3. d4 cxd4 4. Nxd4 Nf6 5. Nc3 a6 6. Bg5 Nbd7 7. f4 Qc7 8. Qf3
h6 9. Bxf6 Nxf6 10. f5 Qc5 11. O-O-O g5 12. fxg6 Bg4 13. gxf7+ Kxf7 14. Qd3 Bxd1
15. Nxd1 e6 16. Be2 Bg7 17. Rf1 Rhe8 18. Bg4 b5 19. Ne3 Re7 20. Nxe6 Rxe6 21.
Bxe6+ Kxe6 22. Qb3+ d5 23. exd5+ Kd7 24. Nf5 Bf8 25. d6 Qc4 26. Qf3 Qe4 27. Qh3
Qe6 28. Qf3 Qe4 29. Qh3 Ng4 30. Ng3 Qe6 31. Qh5 Bxd6 32. Nf5 Ne3 33. Nd4 Qe4 34.
Rf7+ Be7 35. Qh3+ Ke8 36. Rf2 Qg4 37. Qxe3 Qg5 38. Qxg5 Bxg5+ 39. Kb1 b4 40. c3
bxc3 41. bxc3 Ke7 42. Kc2 Rc8 43. Kd3 Bf6 44. Rb2 Rc5 45. Rb7+ Ke8 46. Rb6 Bxd4
47. cxd4 Ra5 48. Rxh6 Rxa2 49. g4 a5 50. h4 a4 51. Ke4 Rh2 52. h5 a3 53. Ra6 a2
54. Kf5 Rb2 55. d5 Kf7 56. Ra7+ Kg8 57. h6 Kh8 58. g5 Rb5 59. Ke5 Rb2 60. g6
Re2+ 61. Kd4 1-0

[Event "European Rapid 2016"]
[Site "Tallinn EST"]
[Date "2016.12.15"]
[Round "4.30"]
[White "Bartel, Mateusz"]
[Black "Cramling, Pia"]
[Result "1-0"]
[WhiteTitle "GM"]
[BlackTitle "GM"]
[WhiteElo "2641"]
[BlackElo "2453"]
[WhiteFideId "1112635"]
[BlackFideId "1700030"]
[EventDate "2016.12.15"]

1. e4 c5 2. Nf3 Nc6 3. Bb5 e6 4. O-O Nge7 5. c3 a6 6. Ba4 b5 7. Bc2 Bb7 8. Qe2
d5 9. d3 Ng6 10. a4 Be7 11. axb5 axb5 12. Rxa8 Bxa8 13. d4 cxd4 14. Qxb5 dxc3
15. exd5 exd5 16. Nxc3 d4 17. Be4 O-O 18. Bxc6 dxc3 19. bxc3 Bf6 20. c4 Ne7 21.
Bxa8 Qxa8 22. Bf4 Rc8 23. Bd6 Qc6 24. Bxe7 Bxe7 25. Re1 Bf8 26. Qxc6 Rxc6 27.
Rc1 Bc5 28. Kf1 g6 29. Nd2 Bb4 30. Nb3 Ba3 31. Rc3 Bb4 32. Rc2 f5 33. c5 Kf7 34.
Ke2 Rc8 35. Kd3 Rb8 36. Kc4 Ba3 37. Nd4 Rc8 38. c6 Bd6 39. g3 h5 40. Re2 h4 41.
Kd5 Bc7 42. Nb5 hxg3 43. hxg3 Rd8+ 44. Kc5 Ba5 45. Ra2 Ra8 46. c7 1-0

[Event "European Rapid 2016"]
[Site "Tallinn EST"]
[Date "2016.12.15"]
[Round "4.31"]
[White "Huzman, Alexander"]
[Black "Pohjala, Henri"]
[Result "1/2-1/2"]
[WhiteTitle "GM"]
[BlackTitle "FM"]
[WhiteElo "2557"]
[BlackElo "2382"]
[WhiteFideId "2803828"]
[BlackFideId "506478"]
[EventDate "2016.12.15"]

1. d4 d5 2. c4 c6 3. Nf3 Nf6 4. e3 e6 5. Bd3 Nbd7 6. O-O a6 7. b3 b6 8. Nc3 Bb7
9. Bb2 dxc4 10. bxc4 c5 11. d5 exd5 12. cxd5 Bd6 13. a4 O-O 14. e4 Re8 15. Nd2
Qc7 16. g3 Be5 17. Rc1 Rad8 18. Qb3 h5 19. Nf3 Ng4 20. Nxe5 Ngxe5 21. Be2 c4 22.
Qd1 Nc5 23. Qd4 Nb3 24. Qe3 Nxc1 25. Rxc1 Ng4 26. Qd4 f6 27. Bxc4 Kh8 28. Be2
Bc8 29. f3 Ne5 30. Nb5 Qb8 31. Nc7 Re7 32. d6 Red7 33. Ba3 Qxc7 34. dxc7 Rxd4
35. cxd8=Q+ Rxd8 36. f4 Bg4 37. Be7 Rd2 38. fxe5 Rxe2 39. exf6 gxf6 40. Bxf6+
Kg8 41. Bd4 Rxe4 42. Bxb6 1/2-1/2

[Event "European Rapid 2016"]
[Site "Tallinn EST"]
[Date "2016.12.15"]
[Round "4.32"]
[White "Bernotas, Arturs"]
[Black "Potkin, Vladimir"]
[Result "0-1"]
[WhiteTitle "FM"]
[BlackTitle "GM"]
[WhiteElo "2332"]
[BlackElo "2597"]
[WhiteFideId "11601426"]
[BlackFideId "4131061"]
[EventDate "2016.12.15"]

1. e4 c5 2. Nf3 e6 3. g3 Nc6 4. Bg2 Nf6 5. Qe2 d6 6. O-O Be7 7. c3 O-O 8. d4 d5
9. e5 Ne4 10. Nbd2 Nxd2 11. Bxd2 cxd4 12. cxd4 Qb6 13. Be3 Bd7 14. Rfc1 a5 15.
h4 Rac8 16. h5 a4 17. h6 g6 18. Nh2 f5 19. exf6 Bxf6 20. Rd1 Qa6 21. Qxa6 bxa6
22. Ng4 Be7 23. Bf1 Rb8 24. b3 axb3 25. axb3 a5 26. Ne5 Nxe5 27. dxe5 Bb4 28.
Rdc1 Rfc8 29. Ba6 Rxc1+ 30. Rxc1 Bf8 31. Rc7 Be8 32. Rc8 Rxc8 33. Bxc8 Kf7 34.
Bb6 a4 35. bxa4 Bxa4 36. Be3 Bb4 37. Bd4 g5 38. f4 gxf4 39. gxf4 Bc2 40. Kf2 Bf5
41. Kg3 Kg6 42. Bb6 Kxh6 43. Bd7 Kg7 44. Be8 Be1+ 45. Kf3 Kf8 46. Bh5 Ke7 47.
Bc5+ Kd7 48. Bf8 Bc3 49. Bf7 d4 50. Bh5 d3 51. Ke3 d2 52. Bd1 Kc6 53. Ke2 Kd5
54. Ke3 Kc6 55. Bh6 Kb5 56. Bg5 h5 57. Bxh5 Bc2 58. Bf6 d1=Q 59. Bxd1 Bxd1 60.
f5 exf5 61. Kf4 Bc2 62. Bh4 Bd2+ 63. Kf3 Bb3 64. Ke2 Bf4 0-1

[Event "European Rapid 2016"]
[Site "Tallinn EST"]
[Date "2016.12.15"]
[Round "4.33"]
[White "Grandelius, Nils"]
[Black "Mustaps, Matiss"]
[Result "1/2-1/2"]
[WhiteTitle "GM"]
[BlackTitle "FM"]
[WhiteElo "2643"]
[BlackElo "2302"]
[WhiteFideId "1710400"]
[BlackFideId "11602295"]
[EventDate "2016.12.15"]

1. e4 c5 2. Nf3 d6 3. Bc4 Nc6 4. O-O Nf6 5. Re1 g6 6. c3 Bg7 7. Bb3 O-O 8. h3 b5
9. d4 e5 10. dxc5 dxc5 11. Qe2 c4 12. Bc2 Rb8 13. b3 Be6 14. Ng5 Nh5 15. Nxe6
fxe6 16. bxc4 Nf4 17. Qf1 b4 18. Ba4 Nd4 19. cxd4 Qxd4 20. Bxf4 exf4 21. Na3
bxa3 22. Bb3 f3 23. g3 Qc5 24. Rad1 Bd4 25. Rd3 e5 26. Red1 a5 27. R1d2 a4 28.
Bxa4 Rb2 29. Bb3 Kg7 30. h4 Rf6 31. Qe1 h5 32. Qf1 Rf7 33. Qe1 Rf8 34. Qf1 Kh7
35. Qe1 Rf6 36. Qf1 Kg7 37. Qe1 Rd6 38. Rxb2 axb2 39. Rxf3 Bxf2+ 40. Rxf2 Rd2
41. Qxd2 b1=Q+ 42. Kh2 Qxe4 43. Qd7+ Kh6 44. Qf7 Qe1 45. Rg2 Qee3 46. Qf6 Kh7
47. Qf7+ Kh6 48. Qf6 Kh7 49. Qf7+ Kh6 50. Qf6 Kh7 51. Qf7+ Kh6 1/2-1/2

[Event "European Rapid 2016"]
[Site "Tallinn EST"]
[Date "2016.12.15"]
[Round "4.34"]
[White "Boe, Mads"]
[Black "Chigaev, Maksim"]
[Result "1/2-1/2"]
[WhiteTitle "FM"]
[BlackTitle "GM"]
[WhiteElo "2321"]
[BlackElo "2531"]
[WhiteFideId "1401408"]
[BlackFideId "4108116"]
[EventDate "2016.12.15"]

1. d4 Nf6 2. Nf3 e6 3. Bf4 c5 4. c3 Nc6 5. e3 d5 6. Nbd2 Be7 7. h3 Bd6 8. Ne5
Qc7 9. Ndf3 Nd7 10. Nxd7 Bxd7 11. Bxd6 Qxd6 12. Bd3 e5 13. dxe5 Nxe5 14. Nxe5
Qxe5 15. O-O O-O 16. Qc2 g6 17. e4 c4 18. Be2 dxe4 19. Bxc4 Rac8 20. Bb3 Bc6 21.
Rad1 Kg7 22. Qc1 f5 23. Qe3 b6 24. Qd4 Rfe8 25. Rfe1 f4 26. Bd5 Bxd5 27. Qxd5
Qxd5 28. Rxd5 Re7 29. Rd4 Rce8 30. Red1 Kf6 31. Kf1 g5 32. Rd6+ Re6 33. Rxe6+
Rxe6 34. Rd7 Re7 35. Rd5 h6 36. Ke2 Re6 37. a4 Rc6 38. a5 Ke6 39. Rb5 Rc5 40.
Rb4 Rxa5 41. Rxe4+ Re5 42. Kd3 Kf5 43. Ra4 a5 44. b4 Ke6 45. Ra2 Kd6 46. Ra1 Kc6
47. bxa5 bxa5 48. Kd2 Kb5 49. Kd3 Rd5+ 50. Kc2 h5 51. Rb1+ Kc5 52. Ra1 Kb6 53.
c4 Re5 54. Kd3 Re8 55. Rb1+ Kc6 56. Rb5 Ra8 57. Rxg5 a4 58. Kc2 Re8 59. Kd3 Ra8
60. Kc2 Re8 61. Kb2 Re2+ 62. Ka3 Rxf2 63. Kxa4 h4 64. Kb4 f3 65. gxf3 Rxf3 66.
Rg6+ Kd7 67. Rg7+ Ke6 1/2-1/2